000 00315nam a22001337a 4500
008 171123b xxu||||| |||| 00| 0 eng d
020 _a0442242905
041 _aeng
080 _a573
100 _a11
101 _aBIO
245 _aMICRO METHODS FOR THE BIOLOGICAL SCIENCES
_cKELETI.G
942 _2udc
_cBK
999 _c38348
_d38348